000
00251nam a2200109Ia 4500
008
200302s9999 xx 000 0 und d
100
_a
Trewin Copplestone
245
_a
Behind Facades
260
_b
Macmillan Company
260
_c
1995
300
_a
79 P.,
999
_c
1840
_d
1840